[Event "Andorra open"]
[Site "Escaldes"]
[Date "2018.07.24"]
[Round "4.12"]
[White "Aloma Vidal, Robert"]
[Black "Librelato, Kathie Goulart"]
[Result "1-0"]
[WhiteElo "2433"]
[BlackElo "2100"]
[PlyCount "143"]
[EventDate "2018.07.21"]
[EventType "swiss"]
[EventCountry "AND"]

1. d4 Nf6 2. g3 g6 3. Bg2 d5 4. c4 c6 5. Nf3 Bg7 6. Qb3 Qb6 7. Nc3 Be6 8. Ng5
dxc4 9. Qa4 Bd7 10. Qxc4 O-O 11. O-O h6 12. Nf3 Be6 13. Qa4 Na6 14. e4 Rfd8 15.
h3 c5 16. d5 Bd7 17. Qc4 Qb4 18. Qe2 e6 19. d6 Bc6 20. Ne5 Be8 21. Nc4 Bb5 22.
Nxb5 Qxb5 23. a4 Qd7 24. Bd2 Rac8 25. Ba5 Re8 26. Bc3 Nb8 27. Ne5 Qxd6 28. Nxf7
Kxf7 29. e5 Qc7 30. exf6 Bxf6 31. Qf3 Nd7 32. Rad1 Ne5 33. Qe3 Kg7 34. Rfe1 Nf7
35. Bxf6+ Kxf6 36. Qf3+ Kg7 37. Qxb7 Qxb7 38. Bxb7 Rc7 39. Ba6 Kf6 40. Bc4 Ne5
41. Re4 Rb8 42. b3 Nxc4 43. bxc4 Ke7 44. a5 Rb4 45. Rg4 g5 46. h4 Kf6 47. hxg5+
hxg5 48. Re4 Rc6 49. Kg2 Ra6 50. Kh3 Rb2 51. f3 Ra2 52. Kg4 R2xa5 53. Rh1 Ra3
54. Rh6+ Kf7 55. Rh5 Kf6 56. Rh6+ Kf7 57. Re5 Rd6 58. Rxc5 Rd4+ 59. f4 gxf4 60.
gxf4 e5 61. Rxe5 Rxc4 62. Rh7+ Kg8 63. Rb7 Rc8 64. Rg5+ Kf8 65. Rh5 Kg8 66.
Rhh7 a5 67. Rbg7+ Kf8 68. Ra7 Kg8 69. Rhg7+ Kf8 70. Raf7+ Ke8 71. Rh7 Rac3 72.
Ra7 1-0

[Event "Andorra open"]
[Site "Escaldes"]
[Date "2018.07.24"]
[Round "4.13"]
[White "Alboredo, Julia"]
[Black "Fluvia Poyatos, Jordi"]
[Result "0-1"]
[WhiteElo "2163"]
[BlackElo "2436"]
[PlyCount "86"]
[EventDate "2018.07.21"]
[EventType "swiss"]
[EventCountry "AND"]

1. e4 d6 2. d4 Nf6 3. Nc3 g6 4. f4 Bg7 5. Nf3 c5 6. Bb5+ Bd7 7. e5 Ng4 8. e6
Bxb5 9. exf7+ Kf8 10. Nxb5 Qa5+ 11. Nc3 cxd4 12. Nxd4 Kxf7 13. Qxg4 Bxd4 14.
Bd2 Qf5 15. Qf3 Qe6+ 16. Kd1 Nc6 17. Re1 Qd7 18. Ne4 h6 19. h4 d5 20. Ng3 Bxb2
21. Rb1 Nd4 22. Qe3 Qg4+ 23. Ne2 Nf5 24. Qb3 Bf6 25. Qxd5+ Kg7 26. Kc1 Rhd8 27.
Qe6 Rd6 28. Qe4 Rc8 29. Rxb7 Rdc6 30. c3 Rc4 31. Qe6 Qxg2 32. Rg1 Qxb7 33. Qxf5
Qe4 34. Rxg6+ Kf7 35. Qxe4 Rxe4 36. Ng3 Kxg6 37. h5+ Kf7 38. Nxe4 Rc4 39. Nxf6
Kxf6 40. Kc2 a6 41. Kb3 Rc5 42. c4 Rxh5 43. Bc3+ Ke6 0-1

[Event "Andorra open"]
[Site "Escaldes"]
[Date "2018.07.24"]
[Round "4.14"]
[White "Beshukov, Sergei"]
[Black "Guennoun, Anthony"]
[Result "1-0"]
[WhiteElo "2417"]
[BlackElo "2115"]
[PlyCount "65"]
[EventDate "2018.07.21"]
[EventType "swiss"]
[EventCountry "AND"]

1. Nf3 d5 2. g3 Nf6 3. Bg2 Bg4 4. c4 c6 5. Qb3 Qb6 6. d3 Bxf3 7. Bxf3 e6 8. Be3
Qc7 9. Nc3 Nbd7 10. Rc1 dxc4 11. dxc4 Nc5 12. Qc2 e5 13. O-O Ne6 14. Qa4 Nd7
15. b4 Nb6 16. Bxb6 Qxb6 17. c5 Qc7 18. e3 Ke7 19. Rfd1 f5 20. Qb3 Kf6 21. h4
g6 22. g4 h6 23. Bd5 Re8 24. Rd2 e4 25. Bxe4 fxe4 26. Nxe4+ Kf7 27. f4 Be7 28.
f5 gxf5 29. Rf1 Bxh4 30. Nd6+ Kg7 31. Nxf5+ Kh7 32. Qc2 Bg5 33. Ne7+ 1-0

[Event "Andorra open"]
[Site "Escaldes"]
[Date "2018.07.24"]
[Round "4.15"]
[White "Orteu Capdevila, Max"]
[Black "Barbero Sendic, Alejandro"]
[Result "0-1"]
[WhiteElo "2158"]
[BlackElo "2388"]
[PlyCount "39"]
[EventDate "2018.07.21"]
[EventType "swiss"]
[EventCountry "AND"]

1. e4 e5 2. Nf3 Nc6 3. Bb5 Nge7 4. c3 d5 5. Nxe5 dxe4 6. d4 exd3 7. Nxc6 Nxc6
8. Bxd3 Bd6 9. O-O O-O 10. Qc2 Ne5 11. Bxh7+ Kh8 12. f4 Bc5+ 13. Kh1 Ng4 14. h3
g6 15. Bxg6 fxg6 16. b4 Bf5 17. Qd2 Ne3 18. Rf3 Qxd2 19. Nxd2 Bb6 20. c4 0-1

[Event "Andorra open"]
[Site "Escaldes"]
[Date "2018.07.24"]
[Round "4.16"]
[White "Trepat Herranz, Joan"]
[Black "Tleptsok, Ruslan"]
[Result "0-1"]
[WhiteElo "2380"]
[BlackElo "2126"]
[PlyCount "120"]
[EventDate "2018.07.21"]
[EventType "swiss"]
[EventCountry "AND"]

1. e4 d5 2. exd5 Nf6 3. d4 Bg4 4. Bb5+ Nbd7 5. f3 Bf5 6. Nc3 a6 7. Ba4 b5 8.
Bb3 Nb6 9. Nge2 Nfxd5 10. Nxd5 Nxd5 11. Ng3 Bc8 12. a4 b4 13. a5 e6 14. Ne4 Be7
15. O-O O-O 16. Qd3 Bb7 17. Re1 Nf6 18. Be3 Bd5 19. Ba4 Qc8 20. c4 bxc3 21.
bxc3 Rd8 22. Bc2 h6 23. Nxf6+ Bxf6 24. c4 Bb7 25. Qh7+ Kf8 26. Rad1 c6 27. Bb3
Qc7 28. d5 Qxa5 29. Re2 cxd5 30. Ra2 Qb4 31. Rb1 d4 32. Bd2 Qc5 33. Ba4 d3+ 34.
Kh1 Bc6 35. Bb4 Qxb4 36. Rxb4 Bxa4 37. Rb7 Bd7 38. Rd2 g6 39. Rxd3 Be8 40.
Qxh6+ Bg7 41. Qd2 Rdc8 42. Qf4 Kg8 43. Rdb3 e5 44. Qc1 a5 45. h4 Bc6 46. Re7 a4
47. Re3 e4 48. R7xe4 Bxe4 49. Rxe4 a3 50. Re2 a2 51. Rxa2 Rxa2 52. Kh2 Ra4 53.
g3 Raxc4 54. Qg5 Rc1 55. Qd5 R8c5 56. Qd8+ Kh7 57. Qd7 f5 58. g4 f4 59. g5
R5c2+ 60. Kh3 Rg1 0-1

[Event "Andorra open"]
[Site "Escaldes"]
[Date "2018.07.24"]
[Round "4.17"]
[White "Ruperez Benito, Antonio"]
[Black "Represa Perez, Mireya"]
[Result "1-0"]
[WhiteElo "2329"]
[BlackElo "2084"]
[PlyCount "83"]
[EventDate "2018.07.21"]
[EventType "swiss"]
[EventCountry "AND"]

1. e4 c5 2. Nf3 d6 3. Bb5+ Nd7 4. d4 cxd4 5. Qxd4 a6 6. Bxd7+ Bxd7 7. O-O Nf6
8. Nc3 e5 9. Qd3 h6 10. Rd1 Rc8 11. Nd2 b5 12. a3 Be7 13. Nf1 O-O 14. Ne3 Be6
15. a4 b4 16. Ncd5 Bxd5 17. exd5 a5 18. Nf5 Ne8 19. Bxh6 Bg5 20. Bxg5 Qxg5 21.
h4 Qf6 22. h5 g6 23. Ng3 Qg5 24. hxg6 f5 25. Rac1 Rc7 26. Qf3 Rg7 27. Qh5 Qf6
28. c3 bxc3 29. Rxc3 Rxg6 30. Rc8 f4 31. Ne4 Qg7 32. Qf3 Kh8 33. Kf1 Qd7 34.
Qh3+ Qxh3 35. gxh3 Rh6 36. Rd3 f3 37. Ng5 Rh5 38. Rxf3 Kg8 39. Rxf8+ Kxf8 40.
Ne6+ Ke7 41. Rxe8+ Kxe8 42. Ng7+ 1-0

[Event "Andorra open"]
[Site "Escaldes"]
[Date "2018.07.24"]
[Round "4.18"]
[White "Blom, Vincent"]
[Black "Rothebarth, Ana Vitoria De Paul"]
[Result "1-0"]
[WhiteElo "2269"]
[BlackElo "2080"]
[PlyCount "59"]
[EventDate "2018.07.21"]
[EventType "swiss"]
[EventCountry "AND"]

1. Nf3 Nf6 2. c4 b6 3. g3 c5 4. Bg2 Bb7 5. d4 cxd4 6. O-O g6 7. Qxd4 Bg7 8. Nc3
d6 9. Qh4 h6 10. Rd1 Nbd7 11. Ne1 Bxg2 12. Nxg2 Rc8 13. Rb1 Qc7 14. b3 a6 15.
Ne3 Qb7 16. Bb2 g5 17. Qh3 Ne5 18. Nf5 Bf8 19. Nd5 Nxd5 20. Rxd5 f6 21. Bxe5
fxe5 22. Qh5+ Kd7 23. Qf7 Kc6 24. b4 Qd7 25. b5+ Kc7 26. c5 bxc5 27. bxa6 Kc6
28. Nxd6 Bg7 29. Nxc8 Qxc8 30. Rxc5+ 1-0

[Event "Andorra open"]
[Site "Escaldes"]
[Date "2018.07.24"]
[Round "4.19"]
[White "Shen, Christopher"]
[Black "Elguezabal Selioutin, Dario"]
[Result "1-0"]
[WhiteElo "2266"]
[BlackElo "2056"]
[PlyCount "59"]
[EventDate "2018.07.21"]
[EventType "swiss"]
[EventCountry "AND"]

1. c4 e6 2. g3 d5 3. Nf3 dxc4 4. Qa4+ Nd7 5. Qxc4 Ngf6 6. Bg2 c5 7. Qb3 a6 8.
a4 Be7 9. Nc3 Ra7 10. d3 b6 11. O-O O-O 12. Bf4 Bb7 13. e4 Qa8 14. Nd2 Nh5 15.
Be3 Bc6 16. Nc4 Rd8 17. Rfd1 Qb7 18. d4 cxd4 19. Bxd4 Bc5 20. Bxc5 bxc5 21.
Qxb7 Bxb7 22. Nb6 Bc6 23. Rd6 Rc7 24. e5 Bxg2 25. Kxg2 Kf8 26. Rad1 Ke7 27.
Nbd5+ exd5 28. Nxd5+ Ke8 29. Nxc7+ Ke7 30. Nxa6 1-0

[Event "Andorra open"]
[Site "Escaldes"]
[Date "2018.07.24"]
[Round "4.20"]
[White "El Mchaouri Mas, Younes"]
[Black "Benmesbah, Natacha"]
[Result "0-1"]
[WhiteElo "2120"]
[BlackElo "2255"]
[PlyCount "218"]
[EventDate "2018.07.21"]
[EventType "swiss"]
[EventCountry "AND"]

1. Nf3 c5 2. c4 Nf6 3. Nc3 e6 4. g3 b6 5. Bg2 Bb7 6. O-O Be7 7. d4 cxd4 8. Qxd4
O-O 9. Rd1 d6 10. b3 Nbd7 11. Bb2 a6 12. Rac1 Qc7 13. Ne1 Rad8 14. e4 Rfe8 15.
h3 Bf8 16. Nc2 Qb8 17. Ne3 Qa8 18. b4 g6 19. Ng4 Nxg4 20. hxg4 Bg7 21. Qe3 d5
22. Qe2 dxe4 23. g5 e3 24. fxe3 Bxg2 25. Qxg2 Qxg2+ 26. Kxg2 Ne5 27. Rxd8 Rxd8
28. Ne4 Rd3 29. Bxe5 Bxe5 30. Kf2 Ra3 31. c5 Rxa2+ 32. Kf3 bxc5 33. Rxc5 Ba1
34. Rc8+ Kg7 35. Ra8 Ra4 36. g4 Be5 37. Ra7 Rxb4 38. Rxa6 Rb3 39. Ke2 Rb2+ 40.
Kf3 Rb7 41. Ra5 Bc7 42. Ra8 Be5 43. Ra5 Bb2 44. Ra8 Rd7 45. Nc5 Rc7 46. Ne4 Rd7
47. Ra2 Be5 48. Ra5 Rd5 49. Ra7 Rb5 50. Rd7 Bh2 51. Rd8 Bc7 52. Rd7 Be5 53. Ra7
Rd5 54. Rb7 Bh2 55. Ra7 Rb5 56. Ra8 Rb8 57. Ra7 Rc8 58. Rb7 Rc7 59. Rb2 Be5 60.
Rb5 Ba1 61. Ra5 Bc3 62. Ra8 h6 63. gxh6+ Kxh6 64. g5+ Kg7 65. Nxc3 Rxc3 66. Kf4
Rc5 67. Rb8 Rf5+ 68. Kg4 Rf2 69. Kg3 Rf1 70. Kg4 Rh1 71. Ra8 Rh8 72. Ra7 Rd8
73. Kf4 Kf8 74. e4 Rd1 75. Ke5 Rg1 76. Ra8+ Kg7 77. Kf4 e5+ 78. Kxe5 Rxg5+ 79.
Kf4 Rb5 80. Rd8 Rb4 81. Rd7 Kf6 82. Rd6+ Kg7 83. Rd7 Rb6 84. Ra7 Rf6+ 85. Kg4
Rf1 86. Ra3 Kf6 87. Ra5 Ke6 88. Rb5 f6 89. Rb8 g5 90. Rb6+ Ke5 91. Rb5+ Kxe4
92. Rb4+ Ke5 93. Rb5+ Ke6 94. Rb7 Rf4+ 95. Kg3 Kf5 96. Rb5+ Kg6 97. Ra5 Rf1 98.
Ra4 Kh5 99. Ra2 g4 100. Ra5+ f5 101. Ra8 Rf3+ 102. Kg2 Kg5 103. Rg8+ Kf4 104.
Ra8 Rb3 105. Ra4+ Ke5 106. Ra8 Rb2+ 107. Kg3 Rb1 108. Rg8 Rb3+ 109. Kh4 Kf4 0-1

[Event "Andorra open"]
[Site "Escaldes"]
[Date "2018.07.24"]
[Round "4.21"]
[White "Dubois, Pierre"]
[Black "Cuadras Avellana, Jordi"]
[Result "1/2-1/2"]
[WhiteElo "2105"]
[BlackElo "2240"]
[PlyCount "44"]
[EventDate "2018.07.21"]
[EventType "swiss"]
[EventCountry "AND"]

1. e4 c5 2. Nf3 e6 3. c3 d5 4. exd5 Qxd5 5. d4 Nf6 6. Be2 Nc6 7. O-O Be7 8. Na3
O-O 9. dxc5 Bxc5 10. Nc4 Rd8 11. Qc2 Qe4 12. Qxe4 Nxe4 13. Be3 Bxe3 14. Nxe3 b6
15. Nc4 Ba6 16. Rfe1 Bxc4 17. Bxc4 Nd2 18. Be2 Rd6 19. Nxd2 Rxd2 20. Bf3 Rc8
21. Rad1 Rxd1 22. Rxd1 Rd8 1/2-1/2

[Event "Andorra open"]
[Site "Escaldes"]
[Date "2018.07.24"]
[Round "4.22"]
[White "Llaneza Vega, Patricia"]
[Black "Gomez Anadon, Daniel"]
[Result "1-0"]
[WhiteElo "2099"]
[BlackElo "2228"]
[PlyCount "115"]
[EventDate "2018.07.21"]
[EventType "swiss"]
[EventCountry "AND"]

1. e4 c5 2. Nf3 d6 3. d4 Nf6 4. Nc3 cxd4 5. Nxd4 a6 6. Qf3 Nbd7 7. Be2 e6 8.
Be3 Qc7 9. g4 Ne5 10. Qg2 Nc4 11. Bxc4 Qxc4 12. g5 Nh5 13. O-O-O g6 14. Nde2 b5
15. Rd4 Qc6 16. Rhd1 Be7 17. Ng3 Ng7 18. f4 Rb8 19. Qe2 b4 20. Rc4 Qb7 21. Nb1
e5 22. fxe5 dxe5 23. Bc5 Bxc5 24. Rxc5 Qe7 25. Qd2 Bg4 26. Qd6 Qxd6 27. Rxd6
Ne6 28. Rxe5 h6 29. gxh6 Rxh6 30. Rd2 Ke7 31. a3 Rh4 32. axb4 Rxb4 33. Nc3 Rc4
34. Ra5 Nc7 35. Nf1 Be6 36. Ne3 Rxc3 37. bxc3 Rxe4 38. Rc5 Nb5 39. Nd5+ Kd6 40.
Nf6+ Kxc5 41. Nxe4+ Kc4 42. Kb2 f5 43. Nd6+ Kc5 44. Nxb5 axb5 45. h4 Bd5 46.
Rf2 Be4 47. Kc1 Kd5 48. Kd2 Ke5 49. Ke3 Bd5 50. Rf1 Be4 51. Rb1 f4+ 52. Kf2 Bc6
53. Rb4 Kf5 54. c4 bxc4 55. Rxc4 Ba8 56. Rc8 Be4 57. Rf8+ Kg4 58. c4 1-0

[Event "Andorra open"]
[Site "Escaldes"]
[Date "2018.07.24"]
[Round "4.23"]
[White "Bianchi, Andrea"]
[Black "Vidal, Llewellyn"]
[Result "0-1"]
[WhiteElo "2082"]
[BlackElo "2221"]
[PlyCount "118"]
[EventDate "2018.07.21"]
[EventType "swiss"]
[EventCountry "AND"]

1. e4 c5 2. Nf3 Nc6 3. d4 cxd4 4. Nxd4 e5 5. Nb5 d6 6. g3 Be7 7. Bg2 Nf6 8. O-O
O-O 9. h3 Be6 10. N5c3 Qd7 11. Kh2 Rac8 12. Be3 Bd8 13. a3 Ne7 14. Bg5 Bb6 15.
Qd2 Bd4 16. f4 Bc4 17. Rd1 Rfd8 18. b3 Ba6 19. Ra2 b5 20. Ne2 Nc6 21. Nxd4 exd4
22. Bxf6 gxf6 23. Qd3 Qb7 24. b4 Qb6 25. Nd2 Rc7 26. Nf3 Bc8 27. Nxd4 Nxd4 28.
Qxd4 Be6 29. Qxb6 axb6 30. Rb2 Kf8 31. Bf1 Bc4 32. Bd3 Ke7 33. c3 Ra8 34. Rbd2
Bb3 35. Rb1 Ba4 36. Rc1 Rac8 37. Bf1 Rxc3 38. Rxc3 Rxc3 39. Rd5 Bb3 40. Rxb5
Rc2+ 41. Kg1 Rc1 42. Rxb6 Bc4 43. a4 Rxf1+ 44. Kg2 Ra1 45. a5 Kd7 46. Kf3 h5
47. Rb8 Ra3+ 48. Kf2 Bd3 49. Rb7+ Kc6 50. Rxf7 Bxe4 51. Rxf6 Rf3+ 52. Ke2 Rxg3
53. b5+ Kxb5 54. Re6 Bf3+ 55. Kf2 Rxh3 56. f5 Bg4 57. Kg2 Kxa5 58. Rg6 Rf3 59.
f6 Kb5 0-1

[Event "Andorra open"]
[Site "Escaldes"]
[Date "2018.07.24"]
[Round "4.24"]
[White "Pham Guerrero, Sergi"]
[Black "Van Veenendaal, Elmer"]
[Result "1/2-1/2"]
[WhiteElo "2208"]
[BlackElo "2028"]
[PlyCount "67"]
[EventDate "2018.07.21"]
[EventType "swiss"]
[EventCountry "AND"]

1. e4 g6 2. d4 Bg7 3. Nc3 d6 4. Be3 a6 5. f4 b5 6. Bd3 Nd7 7. Nf3 Nb6 8. O-O
Nf6 9. h3 Bb7 10. d5 c6 11. dxc6 Bxc6 12. a3 O-O 13. Qe1 Rb8 14. Rd1 Qc7 15.
Qh4 Nc4 16. Bxc4 bxc4 17. Bd4 Qb7 18. f5 h6 19. fxg6 fxg6 20. Qg3 e5 21. Be3
Nxe4 22. Nxe4 Bxe4 23. Rxd6 Qxb2 24. Rf2 Qxa3 25. Rd7 Rb1+ 26. Kh2 Qxe3 27.
Rxg7+ Kxg7 28. Qxe5+ Rf6 29. Qe7+ Rf7 30. Qe5+ Kg8 31. Qe8+ Kg7 32. Qe5+ Kf8
33. Qh8+ Ke7 34. Qe5+ 1/2-1/2

[Event "Andorra open"]
[Site "Escaldes"]
[Date "2018.07.24"]
[Round "4.25"]
[White "Romero Pallares, Daniel"]
[Black "Medeiros, Thauane Ferreira"]
[Result "1-0"]
[WhiteElo "2202"]
[BlackElo "2005"]
[PlyCount "143"]
[EventDate "2018.07.21"]
[EventType "swiss"]
[EventCountry "AND"]

1. e4 c5 2. Na3 g6 3. c3 Bg7 4. f4 d5 5. e5 Nh6 6. Nf3 O-O 7. Nc2 Nc6 8. d4
cxd4 9. Ncxd4 Bg4 10. Be2 Bxf3 11. Bxf3 Nxd4 12. Qxd4 e6 13. O-O Nf5 14. Qd3
Qb6+ 15. Kh1 h5 16. g4 hxg4 17. Bxg4 Rac8 18. Bxf5 exf5 19. Qxd5 Rfd8 20. Qf3
Rd7 21. Be3 Qxb2 22. Bd4 b6 23. Rg1 Rxd4 24. cxd4 Rc2 25. Qg3 Qxd4 26. Rae1
Qd5+ 27. Rg2 Rxa2 28. e6 Rxg2 29. Qxg2 fxe6 30. Qxd5 exd5 31. Re7 a5 32. Ra7
Bc3 33. Rb7 d4 34. Kg2 d3 35. Kf3 Bd4 36. Rd7 Bc5 37. Rxd3 Kf7 38. Ke2 Ke6 39.
Kd1 b5 40. Kc2 a4 41. Rg3 Bd4 42. Rxg6+ Bf6 43. Rg8 Kd5 44. Rf8 Bd4 45. Rxf5+
Kc4 46. Rf8 b4 47. Rc8+ Kd5 48. Kd3 Bf6 49. Ra8 a3 50. Ra5+ Ke6 51. Kc4 Be7 52.
Kb3 Kf6 53. h4 Kg6 54. h5+ Kh6 55. Re5 Bf8 56. Rf5 Be7 57. Rf7 Bc5 58. Rf6+ Kg7
59. Rg6+ Kf7 60. Rc6 Be3 61. Kxb4 a2 62. Ra6 Bxf4 63. Rxa2 Bd6+ 64. Kc4 Kg7 65.
Kd5 Bb8 66. Ra6 Kh7 67. Ke4 Bg3 68. Kf3 Be5 69. Kg4 Bd4 70. h6 Be3 71. Kh5 Bg1
72. Rd6 1-0

[Event "Andorra open"]
[Site "Escaldes"]
[Date "2018.07.25"]
[Round "5.1"]
[White "Admiraal, Miguoel"]
[Black "Lagarde, Maxime"]
[Result "1/2-1/2"]
[WhiteElo "2479"]
[BlackElo "2615"]
[PlyCount "98"]
[EventDate "2018.07.21"]
[EventType "swiss"]
[EventCountry "AND"]

1. d4 f5 2. Nh3 Nf6 3. Bg5 e6 4. Nf4 d5 5. e3 Qe7 6. Nd2 Nbd7 7. c4 Qf7 8. cxd5
exd5 9. Be2 Bb4 10. Bxf6 Bxd2+ 11. Qxd2 Nxf6 12. Nd3 O-O 13. O-O a5 14. Rac1
Qe7 15. Qc2 c6 16. Ne5 Ng4 17. Qc5 Qxc5 18. Rxc5 Nxe5 19. dxe5 f4 20. exf4 Rxf4
21. Bd3 g5 22. Bc2 Rb4 23. b3 Rd4 24. Rc3 Rd2 25. Bb1 h5 26. Rg3 g4 27. f4 h4
28. Re3 d4 29. Ree1 Be6 30. f5 Bd5 31. Be4 Kf7 32. Bxd5+ cxd5 33. Rc1 Re2 34.
Rc7+ Kf8 35. e6 d3 36. Rd1 a4 37. Rh7 axb3 38. Rh8+ Ke7 39. Rxa8 d2 40. f6+
Kxf6 41. Rf1+ Ke7 42. axb3 h3 43. gxh3 gxh3 44. b4 d4 45. Ra3 Kxe6 46. Rd3 Ke5
47. Rf2 Re1+ 48. Rf1 Re2 49. Rf2 Re1+ 1/2-1/2

[Event "Andorra open"]
[Site "Escaldes"]
[Date "2018.07.25"]
[Round "5.2"]
[White "Fedorchuk, Sergey A"]
[Black "Smith, Axel"]
[Result "1-0"]
[WhiteElo "2626"]
[BlackElo "2491"]
[PlyCount "95"]
[EventDate "2018.07.21"]
[EventType "swiss"]
[EventCountry "AND"]

1. e4 c5 2. Nf3 g6 3. c3 Bg7 4. d4 cxd4 5. cxd4 d5 6. e5 Nc6 7. Bb5 f6 8. O-O
Bg4 9. Qa4 Bxf3 10. Bxc6+ bxc6 11. Qxc6+ Kf8 12. gxf3 fxe5 13. dxe5 Bxe5 14.
Re1 Kg7 15. Nc3 Bxc3 16. bxc3 Nf6 17. Ba3 Re8 18. Bxe7 Rxe7 19. Rxe7+ Qxe7 20.
Qxa8 Kh6 21. Qb8 Nh5 22. Qb4 Qf6 23. Qd4 Qg5+ 24. Qg4 Qd2 25. h4 Nf4 26. Qg5+
Kg7 27. Qe7+ Kh6 28. Qe3 Qxe3 29. fxe3 Ne2+ 30. Kf2 Nxc3 31. a4 Kh5 32. Ra3
Nd1+ 33. Kg3 Nb2 34. a5 a6 35. Rb3 Nc4 36. Rd3 d4 37. exd4 Nd6 38. d5 g5 39.
hxg5 Kxg5 40. Rc3 Kf5 41. Rc6 Ke5 42. Rxa6 Kxd5 43. Rxd6+ Kxd6 44. f4 Kd5 45.
a6 Kc6 46. f5 Kb6 47. f6 Kxa6 48. f7 1-0

[Event "Andorra open"]
[Site "Escaldes"]
[Date "2018.07.25"]
[Round "5.3"]
[White "Postny, Evgeny"]
[Black "Nayhebaver, Martin"]
[Result "1/2-1/2"]
[WhiteElo "2585"]
[BlackElo "2478"]
[PlyCount "81"]
[EventDate "2018.07.21"]
[EventType "swiss"]
[EventCountry "AND"]

1. d4 Nf6 2. c4 e6 3. g3 c5 4. Nf3 cxd4 5. Nxd4 Bb4+ 6. Nc3 O-O 7. Bg2 Bxc3+ 8.
bxc3 Qa5 9. O-O Rd8 10. Bf4 d6 11. Rb1 e5 12. Nb3 Qc7 13. Bg5 Nbd7 14. f4 h6
15. Bh4 Re8 16. f5 Rb8 17. Nd2 Ng4 18. Ne4 Ne3 19. Qxd6 Qxc4 20. Qd2 Nxg2 21.
Nd6 Qc6 22. Nxe8 Nxh4 23. gxh4 b6 24. Nd6 Ba6 25. f6 Qc5+ 26. Kg2 Nxf6 27. Rxf6
gxf6 28. Qxh6 Bxe2 29. Rg1 Bg4 30. Qxf6 Qd5+ 31. Kg3 Qe6 32. Qg5+ Kh8 33. Rf1
f5 34. Ne4 Rg8 35. Qf6+ Qxf6 36. Nxf6 Rg6 37. Nxg4 Rxg4+ 38. Kh3 Rc4 39. Rxf5
Rxc3+ 40. Kg4 Rc2 41. a3 1/2-1/2

[Event "Andorra open"]
[Site "Escaldes"]
[Date "2018.07.25"]
[Round "5.4"]
[White "Arizmendi Martinez, Julen Luis"]
[Black "Kunin, Vitaly"]
[Result "1/2-1/2"]
[WhiteElo "2507"]
[BlackElo "2538"]
[PlyCount "33"]
[EventDate "2018.07.21"]
[EventType "swiss"]
[EventCountry "AND"]

1. e4 d6 2. d4 Nf6 3. Nc3 e5 4. Nf3 Nbd7 5. Bc4 Be7 6. a4 O-O 7. O-O c6 8. h3
a5 9. Re1 Nb6 10. Ba2 Nfd7 11. Be3 exd4 12. Bxd4 Nc5 13. Bxc5 dxc5 14. Qe2 Qd6
15. Qe3 Qg6 16. Ne5 Qf6 17. Nc4 1/2-1/2

[Event "Andorra open"]
[Site "Escaldes"]
[Date "2018.07.25"]
[Round "5.5"]
[White "Pena Gomez, Manuel"]
[Black "Del Rio de Angelis, Salvador G"]
[Result "1/2-1/2"]
[WhiteElo "2475"]
[BlackElo "2525"]
[PlyCount "104"]
[EventDate "2018.07.21"]
[EventType "swiss"]
[EventCountry "AND"]

1. c4 e5 2. g3 Nf6 3. Bg2 c6 4. Nf3 d6 5. O-O Be7 6. d4 e4 7. Ne1 d5 8. Nc3 O-O
9. Bf4 Be6 10. Nc2 Na6 11. c5 Nh5 12. Bd2 f5 13. f4 h6 14. b4 Nc7 15. e3 Qe8
16. Qe2 g5 17. Rfb1 gxf4 18. exf4 Bd7 19. b5 Ng7 20. bxc6 bxc6 21. Bf1 Nge6 22.
Be3 Bf6 23. Rb3 Qg6 24. Bh3 Kh8 25. Rab1 h5 26. Kh1 Rg8 27. a4 Bc8 28. Qf2 Ba6
29. Nb4 Bc4 30. R3b2 Nd8 31. Bf1 Bxf1 32. Qxf1 Nce6 33. Ne2 Kh7 34. Nc2 Rc8 35.
Qh3 Rg7 36. Rb8 Rxb8 37. Rxb8 Rb7 38. Rxb7+ Nxb7 39. Bd2 Ng7 40. Kg1 Qe8 41.
Qf1 e3 42. Bxe3 Qe4 43. Qd1 Na5 44. Nc3 Qe8 45. Bf2 Nc4 46. Ne1 Qb8 47. h3 Kg6
48. Nd3 Ne6 49. Ne2 Kf7 50. Kg2 Kg6 51. Kg1 Kf7 52. Kg2 Kg6 1/2-1/2

[Event "Andorra open"]
[Site "Escaldes"]
[Date "2018.07.25"]
[Round "5.6"]
[White "Narciso Dublan, Marc"]
[Black "Repka, Christopher"]
[Result "1/2-1/2"]
[WhiteElo "2466"]
[BlackElo "2519"]
[PlyCount "129"]
[EventDate "2018.07.21"]
[EventType "swiss"]
[EventCountry "AND"]

1. d4 Nf6 2. Bg5 e6 3. e4 h6 4. Bxf6 Qxf6 5. c3 d6 6. Bd3 Qd8 7. Ne2 Be7 8. O-O
O-O 9. Nd2 c5 10. dxc5 dxc5 11. Qc2 Nc6 12. f4 a6 13. a4 Rb8 14. e5 b5 15. axb5
axb5 16. Bh7+ Kh8 17. Be4 Bb7 18. Nf3 Qb6 19. Rae1 b4 20. Ng3 c4+ 21. Kh1 bxc3
22. bxc3 Qb3 23. Qd2 f5 24. exf6 Bxf6 25. Rb1 Qxc3 26. Qd7 Rfd8 27. Qf7 Ba8 28.
Rxb8 Rxb8 29. Bxc6 Bxc6 30. Qc7 Qb2 31. Qxc6 c3 32. h4 c2 33. Ne2 Qb1 34. Rg1
Rd8 35. h5 Rd1 36. Qe8+ Kh7 37. Qg6+ Kh8 38. Qe8+ Kh7 39. Qxe6 c1=Q 40. Nxc1
Rxc1 41. Kh2 Rxg1 42. Nxg1 Qb5 43. Qe4+ Kg8 44. Qf3 Qf5 45. Ne2 Kh7 46. Ng3 Qb1
47. Qd5 Qe1 48. Qd3+ Kh8 49. Nf5 Qe6 50. Ne3 Qe8 51. g4 Bd8 52. Kg3 Bb6 53. Kf3
Bxe3 54. Qxe3 Qc6+ 55. Kg3 Qh1 56. Qe8+ Kh7 57. Qg6+ Kh8 58. Qe8+ Kh7 59. Qe3
Kh8 60. f5 Qf1 61. Qe8+ Kh7 62. Qg6+ Kh8 63. Qe8+ Kh7 64. Qe3 Kh8 65. Qe8+
1/2-1/2

[Event "Andorra open"]
[Site "Escaldes"]
[Date "2018.07.25"]
[Round "5.7"]
[White "Demuth, Adrien"]
[Black "Romero Pallares, Daniel"]
[Result "1-0"]
[WhiteElo "2524"]
[BlackElo "2202"]
[PlyCount "105"]
[EventDate "2018.07.21"]
[EventType "swiss"]
[EventCountry "AND"]

1. d4 Nf6 2. Nf3 g6 3. c4 Bg7 4. Nc3 O-O 5. e4 d6 6. Be2 e5 7. d5 a5 8. Bg5 Na6
9. Nd2 Qe8 10. a3 Bd7 11. g4 h6 12. Be3 Nh7 13. Qc2 b6 14. h4 f5 15. gxf5 gxf5
16. exf5 Nc5 17. f6 Nxf6 18. Rg1 Kh8 19. O-O-O Nh5 20. Bg4 Nf4 21. Nde4 Qe7 22.
Rg3 Rf7 23. Nxc5 bxc5 24. Bxd7 Qxd7 25. Rdg1 Rg8 26. Rg4 Qe7 27. Kb1 Qd7 28.
Ka2 Nh3 29. R1g2 Nf4 30. Rg1 Nh3 31. R1g2 Nf4 32. R2g3 Nh5 33. Rg1 Nf4 34. R1g3
Nh5 35. Rg1 Nf4 36. Qd2 Rgf8 37. Ne2 Nxe2 38. Qxe2 Qf5 39. Qd2 Kh7 40. Rxg7+
Rxg7 41. Rxg7+ Kxg7 42. Bxh6+ Kg8 43. Bxf8 Kxf8 44. Qxa5 Qc2 45. Qb5 Ke7 46. a4
Qxf2 47. a5 e4 48. a6 e3 49. a7 e2 50. a8=Q e1=Q 51. Qbe8+ Kf6 52. Qad8+ Kg7
53. Qg5+ 1-0

[Event "Andorra open"]
[Site "Escaldes"]
[Date "2018.07.25"]
[Round "5.8"]
[White "Fluvia Poyatos, Jordi"]
[Black "Shen, Christopher"]
[Result "1-0"]
[WhiteElo "2436"]
[BlackElo "2266"]
[PlyCount "77"]
[EventDate "2018.07.21"]
[EventType "swiss"]
[EventCountry "AND"]

1. e4 c5 2. Nf3 e6 3. b3 b6 4. Bb2 Bb7 5. Bd3 Nc6 6. Nc3 d6 7. O-O Nf6 8. Re1
Be7 9. Bf1 O-O 10. a4 Nd4 11. g3 Nxf3+ 12. Qxf3 Nd7 13. Bg2 Bf6 14. Qe2 Bd4 15.
Nd1 Bxb2 16. Nxb2 Qc7 17. a5 a6 18. axb6 Nxb6 19. Ra3 Qc6 20. Qf1 Qb5 21. Rea1
Qxf1+ 22. Kxf1 Rfc8 23. d3 e5 24. Nd1 Kf8 25. Ne3 g6 26. f4 f6 27. h4 Ke7 28.
Kf2 Rc7 29. f5 Rf8 30. Rh1 Kf7 31. fxg6+ hxg6 32. h5 Kg7 33. hxg6 Kxg6 34. Nf5
d5 35. Rh6+ Kg5 36. Ra1 dxe4 37. dxe4 Rd8 38. Rah1 Rd2+ 39. Kf3 1-0

[Event "Andorra open"]
[Site "Escaldes"]
[Date "2018.07.25"]
[Round "5.9"]
[White "Benmesbah, Natacha"]
[Black "Aloma Vidal, Robert"]
[Result "0-1"]
[WhiteElo "2255"]
[BlackElo "2433"]
[PlyCount "98"]
[EventDate "2018.07.21"]
[EventType "swiss"]
[EventCountry "AND"]

1. e4 e6 2. d4 d5 3. Nc3 Bb4 4. Qd3 dxe4 5. Qxe4 Nf6 6. Qh4 c5 7. dxc5 Bxc3+ 8.
bxc3 Qa5 9. Qb4 Qc7 10. Nf3 Nc6 11. Bb5 O-O 12. Bxc6 bxc6 13. O-O e5 14. Re1
Nd5 15. Qe4 f6 16. Nd2 Nxc3 17. Qc4+ Nd5 18. f4 exf4 19. Nf3 Bg4 20. Nd4 Rfe8
21. Bd2 f3 22. g3 Bh5 23. Nb5 cxb5 24. Qxd5+ Bf7 25. Qd6 Rec8 26. Qxc7 Rxc7 27.
Be3 Re8 28. Kf2 Re4 29. c3 Rc4 30. Bd4 b4 31. Rab1 a5 32. a3 Bg6 33. axb4 Bxb1
34. Rxb1 axb4 35. Rxb4 Rxb4 36. cxb4 Rd7 37. Be3 Rb7 38. Bd2 Kf7 39. Kxf3 Ke6
40. Ke4 Rd7 41. Bc3 f5+ 42. Kf4 h6 43. h4 g6 44. g4 Rd3 45. gxf5+ gxf5 46. Bg7
Rh3 47. Bxh6 Rxh4+ 48. Kg5 Rxh6 49. Kxh6 f4 0-1